| 000 -LEADER |
| fixed length control field |
00371cam a22001337a 4500 |
| 008 - FIXED-LENGTH DATA ELEMENTS--GENERAL INFORMATION |
| fixed length control field |
180718b1951 xxu||||| |||| 00| 0 eng d |
| 082 ## - DEWEY DECIMAL CLASSIFICATION NUMBER |
| Classification number |
Dx73 E159 |
| 100 ## - MAIN ENTRY--PERSONAL NAME |
| Personal name |
Ellis, L. Ethan |
| 245 ## - TITLE STATEMENT |
| Title |
Short history of American diplomacy |
| Statement of responsibility, etc. |
by L. Ethan Ellis |
| 260 ## - PUBLICATION, DISTRIBUTION, ETC. |
| Place of publication, distribution, etc. |
New York |
| Name of publisher, distributor, etc. |
Harper |
| Date of publication, distribution, etc. |
1951 |
| 300 ## - PHYSICAL DESCRIPTION |
| Extent |
604p. |
| 440 ## - SERIES STATEMENT/ADDED ENTRY--TITLE |
| Title |
bibl. |
| 650 ## - SUBJECT ADDED ENTRY--TOPICAL TERM |
| Topical term or geographic name entry element |
United States --Foreign relations |